000 00953cab a2200289 4500
001 WB2932-15
008 090401t1993 xxu||||| |||| 00| 0 eng d
035 _a(Sirsi) u11497
041 _aeng
100 _aPym, A.
245 _aCables and wires
260 _c1993
350 _a0
490 _aCountry Landowner
_v46(9) September 1993, 19(1)
520 _aOutlines current issues concerning the CLA about cables and wires, including the level of payments for fibre optics. Gives details of telecommunications payments and rates of payment for fibre optic cables installed by electricity companies and used for third party use.
650 _aBRITISH TELECOM
650 _aCABLES
650 _aELECTRICITY COMPANIES
650 _aFIBRE OPTICS
650 _aMERCURY
650 _aPYLONS
650 _aTELECOMMUNICATIONS
650 _aWAYLEAVES
690 _aHIGHWAYS RIGHTS OF WAY AND EASEMENTS
942 _n0
948 _c04/03/1997
999 _c7330
_d7330